| 000 | 01454nam0a22003131 4500 | ||
|---|---|---|---|
| 001 | rc\3325368 | ||
| 005 | 20260408072650.0 | ||
| 021 |
_aRU _b73-30272 |
||
| 021 |
_aRU _bРг7155-73 |
||
| 035 | _a(NLR Aleph) 007422221 | ||
| 090 |
_a6927839 _c6927839 |
||
| 100 | _a20130115d1973 |||y0rusy50 ca | ||
| 101 | 0 | _arus | |
| 102 | _aRU | ||
| 105 | _ay g ||||| | ||
| 200 | 1 |
_aИнформационно-справочный материал к экскурсии "Москва - столица первого в мире социалистического государства" _fГл. упр. по иностр. туризму при Совете Министров СССР. Упр. информации |
|
| 210 |
_aМосква _cБ. и. _d1973 |
||
| 215 |
_a19 с. _d21 |
||
| 225 | 1 | _aВ помощь гиду-переводчику | |
| 300 | _aВ конце текста сост.: И. Вершкова | ||
| 320 | _aБиблиогр.: с. 19 | ||
| 532 | 1 | 3 | _aИнформационно-справочный материал к экскурсии Москва - столица первого в мире социалистического государства |
| 702 | 1 |
_aВершкова _bИ. _4220 |
|
| 712 | 0 | 1 |
_aСССР _bУправление по иностранному туризму _3RU\NLR\AUTH\8810062805 _9627165 |
| 801 | 0 |
_aRU _bNLR _gpsbo |
|
| 801 | 1 |
_aRU _bELAR _2rusmarc |
|
| 852 |
_aNLR _j73-6/3878 |
||
| 942 | _cBOOK | ||
| 980 | _aNB | ||